[Event "36. Vila de Sitges"]
[Site "Sitges ESP"]
[Date "2010.07.22"]
[Round "1.1"]
[White "Yastrebova, Tatiana"]
[Black "Peralta, Fernando"]
[Result "0-1"]
[WhiteElo "2004"]
[BlackElo "2570"]
[PlyCount "54"]
[EventDate "2010.07.22"]
[EventType "swiss"]
[EventRounds "9"]
[EventCountry "ESP"]
[Source "lmi"]
[SourceDate "2010.07.22"]

1. d4 d5 2. c4 e6 3. Nc3 Bb4 4. e3 Nf6 5. Nge2 dxc4 6. a3 Ba5 7. Nf4 e5 8. Qa4+
c6 9. dxe5 b5 10. Qc2 Ng4 11. Be2 Nxe5 12. O-O O-O 13. a4 b4 14. Nb1 Ba6 15.
Nd2 b3 16. Qf5 Qe7 17. Nf3 Nbd7 18. Nd4 Bb7 19. Rd1 g6 20. Qh3 Nf6 21. Bd2 Bxd2
22. Rxd2 c5 23. Nb5 Ne4 24. Rdd1 a6 25. Nc3 Nxc3 26. bxc3 Rfd8 27. Qg3 Be4 0-1

[Event "36. Vila de Sitges"]
[Site "Sitges ESP"]
[Date "2010.07.22"]
[Round "1.4"]
[White "Cuartas, Jaime Alexander"]
[Black "Rios Torondell, Jaume"]
[Result "1-0"]
[WhiteElo "2529"]
[BlackElo "1966"]
[PlyCount "67"]
[EventDate "2010.07.22"]
[EventType "swiss"]
[EventRounds "9"]
[EventCountry "ESP"]
[Source "lmi"]
[SourceDate "2010.07.22"]

1. e4 e6 2. d4 d5 3. e5 c5 4. c3 Qb6 5. Nf3 cxd4 6. cxd4 Bd7 7. Nc3 Bb4 8. Bd3
Bb5 9. O-O Bxd3 10. Qxd3 Bxc3 11. bxc3 Qa6 12. Qc2 Ne7 13. a4 Nbc6 14. Ba3 Na5
15. Qb1 Qb6 16. Qd3 Qa6 17. Qxa6 bxa6 18. Nd2 Nec6 19. Rfb1 Kd7 20. Bd6 Nd8 21.
Rb2 Ndb7 22. Bb4 Rac8 23. Rab1 Rc7 24. f4 g6 25. Kf2 Rhc8 26. Ke2 Nc4 27. Nxc4
Rxc4 28. a5 R8c7 29. Kf3 Kc6 30. Kg4 Nd8 31. Kg5 h5 32. Kf6 Rb7 33. Be7 Rxb2
34. Rxb2 1-0

[Event "36. Vila de Sitges"]
[Site "Sitges ESP"]
[Date "2010.07.22"]
[Round "1.5"]
[White "Vargas Drechsler, Carlos"]
[Black "Martinez Duany, Lelys Stanley"]
[Result "0-1"]
[WhiteElo "1963"]
[BlackElo "2510"]
[PlyCount "52"]
[EventDate "2010.07.22"]
[EventType "swiss"]
[EventRounds "9"]
[EventCountry "ESP"]
[Source "lmi"]
[SourceDate "2010.07.22"]

1. e4 c5 2. Nc3 Nc6 3. f4 g6 4. Nf3 Bg7 5. Bc4 e6 6. f5 Nge7 7. fxe6 dxe6 8. d3
Nd4 9. Bg5 h6 10. Bh4 a6 11. a4 g5 12. Bf2 Ng6 13. Nxd4 cxd4 14. Ne2 h5 15. Qd2
O-O 16. h4 gxh4 17. g3 Kh7 18. gxh4 Bh6 19. Qd1 e5 20. Rg1 Bg4 21. Rxg4 hxg4
22. h5 Nh4 23. Nxd4 exd4 24. Qxg4 Rg8 25. Qh3 Ng2+ 26. Kf1 Qf6 0-1

[Event "36. Vila de Sitges"]
[Site "Sitges ESP"]
[Date "2010.07.22"]
[Round "1.8"]
[White "Movsziszian, Karen"]
[Black "Roure Ripoll, Antoni"]
[Result "1-0"]
[WhiteElo "2490"]
[BlackElo "1949"]
[PlyCount "75"]
[EventDate "2010.07.22"]
[EventType "swiss"]
[EventRounds "9"]
[EventCountry "ESP"]
[Source "lmi"]
[SourceDate "2010.07.22"]

1. g3 Nf6 2. Bg2 d5 3. Nf3 g6 4. O-O Bg7 5. d3 O-O 6. c3 Bg4 7. h3 Bxf3 8. Bxf3
Qd7 9. Bg2 c5 10. Nd2 Nc6 11. Re1 e5 12. e4 d4 13. c4 Nh5 14. Nf1 Rab8 15. f4
Bh6 16. Qf3 Qc7 17. f5 Bxc1 18. Raxc1 b5 19. cxb5 Rxb5 20. Re2 Qb6 21. b3 Ra5
22. h4 Nb4 23. a4 Qf6 24. Bh3 Rb8 25. Nd2 Na2 26. Rf1 Nc3 27. Ref2 Rb7 28. fxg6
Qxg6 29. Kh2 Ra6 30. Bf5 Qh6 31. Nc4 Re7 32. Qg4+ Kh8 33. Qh3 Rc6 34. Bg4 Rf6
35. Bxh5 Rxf2+ 36. Rxf2 Qxh5 37. Qc8+ Kg7 38. Nd6 1-0

[Event "36. Vila de Sitges"]
[Site "Sitges ESP"]
[Date "2010.07.22"]
[Round "1.10"]
[White "Abreu Delgado, Aryam"]
[Black "Bru Rullo, Llatzer"]
[Result "1-0"]
[WhiteElo "2474"]
[BlackElo "1941"]
[PlyCount "87"]
[EventDate "2010.07.22"]
[EventType "swiss"]
[EventRounds "9"]
[EventCountry "ESP"]
[Source "lmi"]
[SourceDate "2010.07.22"]

1. e4 e5 2. Nf3 Nc6 3. Bb5 a6 4. Ba4 Nf6 5. O-O b5 6. Bb3 Be7 7. d3 O-O 8. a4
b4 9. Nbd2 d6 10. a5 Be6 11. Bc4 Nd7 12. b3 Nc5 13. Bb2 Bf6 14. Re1 Nb7 15.
Bxe6 fxe6 16. Nc4 Nc5 17. d4 exd4 18. Nxd4 Nxd4 19. Bxd4 e5 20. Bxc5 dxc5 21.
Qe2 Qe7 22. Rad1 Rfd8 23. Ne3 c6 24. Rxd8+ Rxd8 25. Qxa6 Qd6 26. g3 Qe6 27. Qc4
Qxc4 28. Nxc4 Ra8 29. Rd1 Kf7 30. Rd7+ Ke8 31. Rc7 Ra6 32. Rb7 Kd8 33. Rb6 Rxb6
34. Nxb6 Kc7 35. Nc4 g5 36. Kg2 Kb7 37. f4 exf4 38. gxf4 gxf4 39. Kf3 Bg5 40.
Kg4 h6 41. e5 Ka6 42. e6 Kb5 43. Ne5 Kxa5 44. e7 1-0

[Event "36. Vila de Sitges"]
[Site "Sitges ESP"]
[Date "2010.07.22"]
[Round "1.11"]
[White "Anell Villa, Ramon"]
[Black "Cruz, Filemon"]
[Result "0-1"]
[WhiteElo "1939"]
[BlackElo "2456"]
[PlyCount "70"]
[EventDate "2010.07.22"]
[EventType "swiss"]
[EventRounds "9"]
[EventCountry "ESP"]
[Source "lmi"]
[SourceDate "2010.07.22"]

1. e4 c6 2. d4 d5 3. Nc3 dxe4 4. Nxe4 Bf5 5. f3 e6 6. Bc4 Bxe4 7. fxe4 Qh4+ 8.
Kf1 Qxe4 9. Nf3 Nf6 10. Bg5 Qf5 11. Bd3 Qa5 12. c3 Nbd7 13. Qd2 Bd6 14. a3 O-O
15. Re1 c5 16. b4 cxb4 17. axb4 Qc7 18. c4 Rfe8 19. c5 Be7 20. Bf4 Qc8 21. g4
Rd8 22. Ng5 Nf8 23. Qc2 h6 24. Nf3 Qc6 25. Qg2 Nd5 26. Bd2 Qa4 27. g5 Qb3 28.
Ne5 hxg5 29. Qf3 f5 30. Qh5 g6 31. Qh6 Bf6 32. Rb1 Qa3 33. Bc1 Qc3 34. Bb2 Qd2
35. Bc1 Ne3+ 0-1

[Event "36. Vila de Sitges"]
[Site "Sitges ESP"]
[Date "2010.07.22"]
[Round "1.12"]
[White "Gongora Reyes, Maikel"]
[Black "Turuguet Lopez, Josep Lluis"]
[Result "1-0"]
[WhiteElo "2451"]
[BlackElo "1932"]
[PlyCount "53"]
[EventDate "2010.07.22"]
[EventType "swiss"]
[EventRounds "9"]
[EventCountry "ESP"]
[Source "lmi"]
[SourceDate "2010.07.22"]

1. d4 Nf6 2. c4 e6 3. g3 d5 4. Bg2 c6 5. Nf3 Nbd7 6. Qc2 Be7 7. O-O O-O 8. Nbd2
Re8 9. b3 Bd6 10. e4 Nxe4 11. Nxe4 dxe4 12. Qxe4 Nf6 13. Qe2 h6 14. Bb2 c5 15.
dxc5 Bxc5 16. Rad1 Qe7 17. Ne5 a5 18. Nd3 Ba3 19. Bc3 Ra6 20. Qe1 b6 21. Qe3
Nd7 22. Rd2 Nc5 23. Rfd1 Ra7 24. Bc6 Nxd3 25. Bxe8 Nxf2 26. Qxf2 Bc5 27. Bd4
1-0

[Event "36. Vila de Sitges"]
[Site "Sitges ESP"]
[Date "2010.07.23"]
[Round "2.1"]
[White "Peralta, Fernando"]
[Black "Arvola, Benjamin"]
[Result "1-0"]
[WhiteElo "2570"]
[BlackElo "2188"]
[PlyCount "49"]
[EventDate "2010.07.22"]
[EventType "swiss"]
[EventRounds "9"]
[EventCountry "ESP"]
[Source "lmi"]
[SourceDate "2010.07.22"]

1. d4 f5 2. g3 Nf6 3. Bg2 e6 4. c4 c6 5. Qc2 Be7 6. Nf3 O-O 7. O-O d5 8. Nbd2
Ne4 9. Ne5 b6 10. Nxe4 fxe4 11. f3 exf3 12. Bxf3 Bb7 13. cxd5 cxd5 14. Bf4 Bf6
15. Qd2 Nc6 16. Nxc6 Bxc6 17. Rac1 Rc8 18. Qe3 Qe7 19. h4 Bd7 20. a3 Qf7 21.
Bd6 Qg6 22. Kh2 Rfe8 23. Be5 Bxe5 24. Qxe5 Rc2 25. Bh5 1-0

[Event "36. Vila de Sitges"]
[Site "Sitges ESP"]
[Date "2010.07.23"]
[Round "2.2"]
[White "Moskalenko, Viktor"]
[Black "Layola Barrionuevo, Javier"]
[Result "1-0"]
[WhiteElo "2565"]
[BlackElo "2164"]
[PlyCount "45"]
[EventDate "2010.07.22"]
[EventType "swiss"]
[EventRounds "9"]
[EventCountry "ESP"]
[Source "lmi"]
[SourceDate "2010.07.22"]

1. d4 f5 2. Bg5 g6 3. Nc3 Bg7 4. h4 d5 5. e3 a6 6. Qf3 Be6 7. Nge2 Bf7 8. h5
Qd7 9. Nf4 e6 10. hxg6 Bxg6 11. g4 fxg4 12. Qxg4 Bf5 13. Qh5+ Qf7 14. Bd3 Bxd3
15. cxd3 Qxh5 16. Nxh5 Kf7 17. Ke2 Nd7 18. Rag1 Bf8 19. Rh3 Nh6 20. Rf3+ Ke8
21. Nf4 Nf7 22. Nxe6 Nxg5 23. Rxg5 1-0

[Event "36. Vila de Sitges"]
[Site "Sitges ESP"]
[Date "2010.07.23"]
[Round "2.5"]
[White "Martinez Duany, Lelys Stanley"]
[Black "Dominguez Rueda, Juan"]
[Result "1-0"]
[WhiteElo "2510"]
[BlackElo "2145"]
[PlyCount "83"]
[EventDate "2010.07.22"]
[EventType "swiss"]
[EventRounds "9"]
[EventCountry "ESP"]
[Source "lmi"]
[SourceDate "2010.07.22"]

1. e4 e5 2. Nf3 Nc6 3. Bb5 a6 4. Ba4 Nf6 5. O-O Be7 6. Re1 b5 7. Bb3 d6 8. c3
O-O 9. h3 Na5 10. Bc2 c5 11. d4 Qc7 12. Nbd2 Bd7 13. Nf1 Rac8 14. Ne3 g6 15.
dxe5 dxe5 16. Nh2 Rcd8 17. Qf3 Bc6 18. Nhg4 Nxg4 19. hxg4 Qd6 20. Qg3 f6 21. b3
Qc7 22. c4 Qb7 23. Nd5 Bxd5 24. exd5 Bd6 25. Bd2 Qc7 26. Qc3 Nb7 27. Rad1 Qd7
28. Qf3 Rde8 29. g3 Rf7 30. Kg2 Bf8 31. Be3 Qc7 32. d6 Nxd6 33. Rd5 Nc8 34.
cxb5 axb5 35. a4 bxa4 36. bxa4 Nb6 37. Rdd1 Qa7 38. Bb3 Qa8 39. Bxf7+ Kxf7 40.
a5 Nc4 41. Rd7+ Kg8 42. Ra1 1-0

[Event "36. Vila de Sitges"]
[Site "Sitges ESP"]
[Date "2010.07.23"]
[Round "2.6"]
[White "Lasinskas, Povilas"]
[Black "Gonzalez Garcia, Jose"]
[Result "0-1"]
[WhiteElo "2180"]
[BlackElo "2508"]
[PlyCount "46"]
[EventDate "2010.07.22"]
[EventType "swiss"]
[EventRounds "9"]
[EventCountry "ESP"]
[Source "lmi"]
[SourceDate "2010.07.22"]

1. d4 e6 2. c4 d5 3. Nc3 Bb4 4. cxd5 exd5 5. Nf3 Nf6 6. Bg5 Nbd7 7. e3 c5 8.
Bd3 Qa5 9. Qd2 Ne4 10. Bxe4 dxe4 11. Ng1 cxd4 12. exd4 Nb6 13. Nge2 Bg4 14. f3
exf3 15. gxf3 Nc4 16. Qf4 Be6 17. O-O h6 18. Bh4 g5 19. Qf6 Rh7 20. d5 Be7 21.
Qd4 Bc5 22. dxe6 Bxd4+ 23. Nxd4 gxh4 0-1

[Event "36. Vila de Sitges"]
[Site "Sitges ESP"]
[Date "2010.07.23"]
[Round "2.7"]
[White "Barsov, Alexei"]
[Black "Layola Barrionuevo, Oriol"]
[Result "1-0"]
[WhiteElo "2505"]
[BlackElo "2113"]
[PlyCount "61"]
[EventDate "2010.07.22"]
[EventType "swiss"]
[EventRounds "9"]
[EventCountry "ESP"]
[Source "lmi"]
[SourceDate "2010.07.22"]

1. d4 Nf6 2. Nf3 g6 3. c4 Bg7 4. g3 O-O 5. Bg2 d6 6. O-O Nbd7 7. Nc3 e5 8. h3
a6 9. Be3 exd4 10. Bxd4 Re8 11. Nd5 Nxd5 12. cxd5 Nc5 13. b4 Ne4 14. Bxg7 Kxg7
15. Qd4+ Nf6 16. e3 Kg8 17. Nd2 Bd7 18. Rfc1 a5 19. a3 axb4 20. axb4 Rxa1 21.
Qxa1 Re5 22. Qa7 Bc8 23. Qb8 Ne8 24. Nc4 Re7 25. Nb6 cxb6 26. Rxc8 Qd7 27. Rd8
Qb5 28. Qxd6 Kf8 29. Qf6 Rc7 30. Qh8+ Ke7 31. Rxe8+ 1-0

[Event "36. Vila de Sitges"]
[Site "Sitges ESP"]
[Date "2010.07.23"]
[Round "2.8"]
[White "Lehmann, Holger"]
[Black "Movsziszian, Karen"]
[Result "0-1"]
[WhiteElo "2168"]
[BlackElo "2490"]
[PlyCount "79"]
[EventDate "2010.07.22"]
[EventType "swiss"]
[EventRounds "9"]
[EventCountry "ESP"]
[Source "lmi"]
[SourceDate "2010.07.22"]

1. e4 g6 2. d4 Bg7 3. Nc3 c6 4. Be3 Qb6 5. a3 d6 6. Be2 Nd7 7. Nf3 Ngf6 8. h3
Qc7 9. a4 O-O 10. O-O e5 11. dxe5 dxe5 12. Qd2 Re8 13. Rfd1 Bf8 14. Bc4 Nc5 15.
Ng5 Ne6 16. Nxe6 Bxe6 17. Bxe6 Rxe6 18. Qe2 a5 19. Qc4 Ne8 20. Qb3 Rd6 21. Bb6
Qe7 22. Rxd6 Qxd6 23. Rd1 Qe7 24. Nb1 Nf6 25. Nc3 Nh5 26. Ne2 Ng7 27. Qc3 Ne6
28. Qxe5 Qb4 29. Be3 Bg7 30. Qd6 Qxe4 31. Qe7 Qxc2 32. Rd7 Rf8 33. Ng3 Qxb2 34.
Rxb7 Qa1+ 35. Kh2 Qxa4 36. Ra7 h5 37. Qb7 h4 38. Nf1 Qd1 39. Kg1 Nd4 40. Qa6
0-1

[Event "36. Vila de Sitges"]
[Site "Sitges ESP"]
[Date "2010.07.23"]
[Round "2.10"]
[White "Cruz, Filemon"]
[Black "Ridameya Tatche, Jose Miguel"]
[Result "1-0"]
[WhiteElo "2456"]
[BlackElo "2060"]
[PlyCount "79"]
[EventDate "2010.07.22"]
[EventType "swiss"]
[EventRounds "9"]
[EventCountry "ESP"]
[Source "lmi"]
[SourceDate "2010.07.22"]

1. d4 Nf6 2. c4 e6 3. Nc3 d5 4. cxd5 exd5 5. Bg5 Be7 6. e3 c6 7. Qc2 O-O 8. Bd3
h6 9. Bh4 Nh5 10. Bxe7 Qxe7 11. Nge2 Be6 12. h3 c5 13. dxc5 Qxc5 14. O-O Nc6
15. Rfd1 Nb4 16. Qd2 Nxd3 17. Qxd3 Rfd8 18. Rd2 Rac8 19. Rad1 Qe7 20. Nd4 a6
21. Qe2 Nf6 22. Qf3 b5 23. Nf5 Bxf5 24. Qxf5 Qe6 25. Qf3 Rc5 26. e4 Rxc3 27.
bxc3 Nxe4 28. Rd4 f5 29. a4 bxa4 30. c4 Nf6 31. cxd5 Qd6 32. Rxa4 g6 33. Ra5
Ne4 34. Qe3 Rc8 35. Qa7 Qf4 36. Rxa6 Qg5 37. Qe3 Qh5 38. Re1 Rc7 39. Qd4 Re7
40. Ra8+ 1-0

[Event "36. Vila de Sitges"]
[Site "Sitges ESP"]
[Date "2010.07.24"]
[Round "3.1"]
[White "Cruz, Jonathan"]
[Black "Peralta, Fernando"]
[Result "1/2-1/2"]
[WhiteElo "2437"]
[BlackElo "2570"]
[PlyCount "68"]
[EventDate "2010.07.22"]
[EventType "swiss"]
[EventRounds "9"]
[EventCountry "ESP"]
[Source "lmi"]
[SourceDate "2010.07.22"]

1. e4 c6 2. d4 d5 3. Nc3 dxe4 4. Nxe4 Bf5 5. Ng3 Bg6 6. Bc4 e6 7. N1e2 Bd6 8.
h4 h6 9. Nf4 Bxf4 10. Bxf4 Nf6 11. Qe2 Qa5+ 12. Bd2 Qb6 13. O-O-O O-O 14. h5
Bh7 15. Rh4 Nbd7 16. Bd3 Bxd3 17. Qxd3 Rfd8 18. Qf3 Qb5 19. Rf4 Qd5 20. b3 a5
21. Qxd5 cxd5 22. Rf3 Rdc8 23. a4 b6 24. Kb2 Rc6 25. Re3 Rac8 26. Rc1 Ne8 27.
f3 Ndf6 28. Rc3 Rxc3 29. Bxc3 Nd6 30. Re1 Kf8 31. Bd2 Ke7 32. Rh1 Nd7 33. Ne2
Nb8 34. Nf4 Nc6 1/2-1/2

[Event "36. Vila de Sitges"]
[Site "Sitges ESP"]
[Date "2010.07.24"]
[Round "3.2"]
[White "Perez Mitjans, Orelvis"]
[Black "Moskalenko, Viktor"]
[Result "1/2-1/2"]
[WhiteElo "2424"]
[BlackElo "2565"]
[PlyCount "121"]
[EventDate "2010.07.22"]
[EventType "swiss"]
[EventRounds "9"]
[EventCountry "ESP"]
[Source "lmi"]
[SourceDate "2010.07.22"]

1. e4 e6 2. d4 d5 3. Nd2 Nf6 4. e5 Nfd7 5. Bd3 c5 6. c3 Nc6 7. Ne2 cxd4 8. cxd4
f6 9. exf6 Nxf6 10. O-O Bd6 11. Nf3 Qc7 12. Bg5 O-O 13. Bh4 a6 14. Ng3 g6 15.
Bg5 Bf4 16. Bxf4 Qxf4 17. Qc1 Qxc1 18. Raxc1 Bd7 19. Rc3 Rad8 20. a3 Ne8 21.
Ne2 Nd6 22. Nc1 Rxf3 23. gxf3 Nxd4 24. Be2 Rf8 25. Re1 N6f5 26. Nb3 Nxb3 27.
Rxb3 Bc6 28. Bd1 Nd4 29. Rd3 Rf4 30. Kh1 Kg7 31. Rg1 h5 32. Kg2 Kf6 33. a4 e5
34. Re1 Nf5 35. Rb3 Nh4+ 36. Kg3 Nf5+ 37. Kg2 Nh4+ 38. Kg3 Bxa4 39. Rxb7 Nf5+
40. Kg2 Nh4+ 41. Kg3 Bxd1 42. Rxd1 g5 43. Rd3 e4 44. fxe4 dxe4 45. Ra3 Rg4+ 46.
Kh3 Nf3 47. Rxf3+ exf3 48. Rb3 Rf4 49. Ra3 h4 50. Rxa6+ Kf5 51. Ra8 Rb4 52.
Rf8+ Kg6 53. Rg8+ Kh6 54. b3 Rd4 55. Rf8 Kg7 56. Rf5 Kg6 57. Rf8 Kg7 58. Rf5
Kh6 59. Rf8 Re4 60. b4 Rxb4 61. Rf6+ 1/2-1/2

[Event "36. Vila de Sitges"]
[Site "Sitges ESP"]
[Date "2010.07.24"]
[Round "3.3"]
[White "Lorenzo De La Riva, Lazaro"]
[Black "Cruz, Cristhian"]
[Result "1-0"]
[WhiteElo "2407"]
[BlackElo "2536"]
[PlyCount "93"]
[EventDate "2010.07.22"]
[EventType "swiss"]
[EventRounds "9"]
[EventCountry "ESP"]
[Source "lmi"]
[SourceDate "2010.07.22"]

1. e4 e6 2. d4 d5 3. Nd2 c5 4. exd5 exd5 5. Bb5+ Bd7 6. Bxd7+ Nxd7 7. Ngf3 Qe7+
8. Qe2 Ngf6 9. Qxe7+ Bxe7 10. dxc5 Nxc5 11. Nb3 Na4 12. O-O O-O 13. c3 Rac8 14.
Rb1 Ne4 15. Be3 a6 16. Bd4 Rfd8 17. Rfd1 f6 18. Nfd2 Kf7 19. Nc1 Nac5 20. f3
Nxd2 21. Rxd2 Ne6 22. Nb3 Nxd4 23. Nxd4 Bc5 24. Kf1 Bxd4 25. Rxd4 Rc4 26. Rbd1
Rxd4 27. Rxd4 Ke6 28. Ke2 Kd6 29. Kd2 Kc6 30. a4 Re8 31. Rg4 Re7 32. h4 g6 33.
Rf4 Re6 34. g4 Kd6 35. Rb4 Kc7 36. a5 b5 37. axb6+ Rxb6 38. Rxb6 Kxb6 39. Kd3
a5 40. Kd4 Kc6 41. g5 f5 42. Ke5 Kc5 43. Kf6 Kc4 44. Kg7 a4 45. Kxh7 Kb3 46. h5
gxh5 47. g6 1-0

[Event "36. Vila de Sitges"]
[Site "Sitges ESP"]
[Date "2010.07.24"]
[Round "3.4"]
[White "Cuartas, Jaime Alexander"]
[Black "Gonzalez Perez, Arian"]
[Result "0-1"]
[WhiteElo "2529"]
[BlackElo "2403"]
[PlyCount "78"]
[EventDate "2010.07.22"]
[EventType "swiss"]
[EventRounds "9"]
[EventCountry "ESP"]
[Source "lmi"]
[SourceDate "2010.07.22"]

1. d4 Nf6 2. Nf3 g6 3. g3 Bg7 4. Bg2 O-O 5. O-O d6 6. c4 Nbd7 7. Nc3 e5 8. e3
Re8 9. b3 c6 10. Bb2 e4 11. Nd2 d5 12. b4 Nf8 13. b5 h5 14. a4 h4 15. a5 hxg3
16. hxg3 a6 17. bxc6 bxc6 18. Na4 Qxa5 19. c5 Bg4 20. Qc2 Qc7 21. Rfb1 N8h7 22.
Nb6 Ra7 23. Ra3 Ng5 24. Rba1 Nh5 25. Nf1 Nf3+ 26. Bxf3 Bxf3 27. Nh2 Qe7 28.
Nxf3 exf3 29. Qd1 Qe4 30. Qf1 Qf5 31. Rxa6 Rxa6 32. Rxa6 Rxe3 33. Ra8+ Kh7 34.
fxe3 Nxg3 35. Qf2 Ne2+ 36. Kf1 Qb1+ 37. Qe1 Ng3+ 38. Kf2 Ne4+ 39. Kf1 Qd3+ 0-1

[Event "36. Vila de Sitges"]
[Site "Sitges ESP"]
[Date "2010.07.24"]
[Round "3.5"]
[White "Beltran Rueda, Santiago"]
[Black "Martinez Duany, Lelys Stanley"]
[Result "1/2-1/2"]
[WhiteElo "2369"]
[BlackElo "2510"]
[PlyCount "71"]
[EventDate "2010.07.22"]
[EventType "swiss"]
[EventRounds "9"]
[EventCountry "ESP"]
[Source "lmi"]
[SourceDate "2010.07.22"]

1. Nf3 d5 2. d4 Nf6 3. c4 c6 4. Nc3 a6 5. e3 g6 6. Be2 Bg7 7. O-O O-O 8. Ne5
Be6 9. Nd3 Bc8 10. cxd5 Nxd5 11. Bd2 Nxc3 12. Bxc3 Nd7 13. Qb3 a5 14. a4 Qc7
15. Rfd1 Nf6 16. h3 Be6 17. Qa3 Bc4 18. Qc5 Bb3 19. Rdc1 Rfd8 20. Qa3 Bd5 21.
b4 Bc4 22. Bb2 axb4 23. Qxb4 Ba6 24. Qb3 Ne4 25. Qc2 Nd6 26. Rab1 Bxd3 27. Bxd3
Qa5 28. Ra1 e5 29. Qb3 exd4 30. exd4 Qd2 31. Rd1 Qf4 32. Qb6 Nf5 33. Bxf5 Qxf5
34. d5 Bxb2 35. Qxb2 cxd5 36. Qxb7 1/2-1/2

[Event "36. Vila de Sitges"]
[Site "Sitges ESP"]
[Date "2010.07.24"]
[Round "3.6"]
[White "Gonzalez Garcia, Jose"]
[Black "Rios, Alejandro"]
[Result "1-0"]
[WhiteElo "2508"]
[BlackElo "2308"]
[PlyCount "113"]
[EventDate "2010.07.22"]
[EventType "swiss"]
[EventRounds "9"]
[EventCountry "ESP"]
[Source "lmi"]
[SourceDate "2010.07.22"]

1. d4 Nf6 2. c4 e6 3. Nf3 b6 4. g3 Bb7 5. Bg2 Bb4+ 6. Bd2 Qe7 7. O-O O-O 8. Bg5
h6 9. Bxf6 Qxf6 10. a3 Be7 11. Nc3 d6 12. e4 g5 13. d5 e5 14. Bh3 h5 15. Bf5
Bc8 16. Bxc8 Rxc8 17. Ne1 Qg6 18. Ng2 Nd7 19. Ne3 Nf6 20. Nf5 Bf8 21. Qd3 Re8
22. f3 a6 23. Rf2 Kh7 24. h3 Ng8 25. Nd1 f6 26. Nde3 a5 27. a4 Red8 28. Kf1 Rd7
29. Ke2 Kh8 30. Rh1 Rh7 31. Kd1 Rd8 32. Kc2 Qe8 33. b3 Bh6 34. Nd1 Rdd7 35. Nc3
Qg6 36. Qe2 Bf8 37. Nd1 Bh6 38. Rfh2 Rd8 39. h4 g4 40. fxg4 hxg4 41. Nf2 Ne7
42. Qxg4 Qxg4 43. Nxg4 Nxf5 44. exf5 Bg7 45. Nf2 Kg8 46. Ne4 Kf7 47. g4 Rdh8
48. g5 Rh5 49. g6+ Ke7 50. Ng3 R5h6 51. h5 Kd7 52. Ne4 Ke7 53. Nf2 Ra8 54. Ng4
Kf8 55. Rg1 Kg8 56. Nxh6+ Bxh6 57. g7 1-0

[Event "36. Vila de Sitges"]
[Site "Sitges ESP"]
[Date "2010.07.24"]
[Round "3.7"]
[White "Fernandez Aguado, Enrique"]
[Black "Barsov, Alexei"]
[Result "0-1"]
[WhiteElo "2343"]
[BlackElo "2505"]
[PlyCount "70"]
[EventDate "2010.07.22"]
[EventType "swiss"]
[EventRounds "9"]
[EventCountry "ESP"]
[Source "lmi"]
[SourceDate "2010.07.22"]

1. d4 e6 2. c4 Nf6 3. Nc3 Bb4 4. e3 O-O 5. Bd3 d5 6. Nf3 c5 7. O-O Nc6 8. a3
Bxc3 9. bxc3 Qc7 10. cxd5 exd5 11. a4 Re8 12. Ba3 c4 13. Bc2 Bg4 14. Qe1 Bh5
15. Nh4 Ng4 16. g3 Bg6 17. Nxg6 hxg6 18. Qe2 Nf6 19. f3 Na5 20. Rae1 Nb3 21.
Qd1 Qa5 22. Bb4 Qxa4 23. e4 Re6 24. e5 a5 25. Bc5 b6 26. exf6 Rxe1 27. Qxe1
bxc5 28. Qe5 Qc6 29. fxg7 cxd4 30. cxd4 Re8 31. Qg5 Kxg7 32. f4 Nxd4 33. f5 Re1
34. f6+ Kg8 35. Qf4 Ne2+ 0-1

[Event "36. Vila de Sitges"]
[Site "Sitges ESP"]
[Date "2010.07.24"]
[Round "3.8"]
[White "Movsziszian, Karen"]
[Black "Capellades Subirana, Marc"]
[Result "1-0"]
[WhiteElo "2490"]
[BlackElo "2268"]
[PlyCount "77"]
[EventDate "2010.07.22"]
[EventType "swiss"]
[EventRounds "9"]
[EventCountry "ESP"]
[Source "lmi"]
[SourceDate "2010.07.22"]

1. g3 f5 2. Bg2 Nf6 3. Nf3 g6 4. O-O Bg7 5. c4 O-O 6. Nc3 d6 7. d3 e5 8. Rb1 a5
9. a3 h6 10. b4 axb4 11. axb4 Kh7 12. Bb2 Nc6 13. b5 Ne7 14. c5 Nd7 15. cxd6
cxd6 16. e3 Qb6 17. Nd2 Nf6 18. Nc4 Qc5 19. Na4 Qxb5 20. Nab6 Ra6 21. Bxe5 Qxb1
22. Qxb1 dxe5 23. Nxc8 Nxc8 24. Nxe5 Rb6 25. Qc2 Rb5 26. d4 Nd6 27. Qc7 Nde4
28. Nd7 Rf7 29. Nxf6+ Rxf6 30. Bxe4 fxe4 31. Qe7 Rb2 32. Qxe4 b5 33. f4 b4 34.
f5 g5 35. Rb1 Rxb1+ 36. Qxb1 Bf8 37. e4 Rb6 38. Qb3 Rf6 39. e5 1-0

[Event "36. Vila de Sitges"]
[Site "Sitges ESP"]
[Date "2010.07.24"]
[Round "3.9"]
[White "Abreu Delgado, Aryam"]
[Black "Avila Jimenez, Javier"]
[Result "1-0"]
[WhiteElo "2474"]
[BlackElo "2240"]
[PlyCount "103"]
[EventDate "2010.07.22"]
[EventType "swiss"]
[EventRounds "9"]
[EventCountry "ESP"]
[Source "lmi"]
[SourceDate "2010.07.22"]

1. Nf3 d5 2. d4 Nf6 3. c4 c6 4. e3 a6 5. Bd3 dxc4 6. Bxc4 b5 7. Bb3 e6 8. a4
Nbd7 9. O-O Bb7 10. Qe2 Be7 11. Rd1 O-O 12. e4 Qb8 13. Bg5 h6 14. Bh4 Re8 15.
Nbd2 Nf8 16. e5 N6d7 17. Bxe7 Rxe7 18. Ne4 Ng6 19. Nc5 Nf4 20. Qe4 Nd5 21. Nxd7
Rxd7 22. Bc2 g6 23. Qg4 Qf8 24. h4 Qg7 25. Nd2 h5 26. Qg5 Rf8 27. Ne4 Kh8 28.
Bb3 Rc7 29. Rac1 Ne7 30. axb5 axb5 31. Nf6 Nf5 32. Bc2 Ne7 33. Be4 Rfc8 34. Rd3
Ng8 35. Rdc3 Qh6 36. Qxh6+ Nxh6 37. d5 exd5 38. Nxd5 b4 39. Rc5 Rd7 40. Nb6
Rcd8 41. Nxd7 Rxd7 42. Bxc6 Bxc6 43. Rxc6 Rd2 44. e6 fxe6 45. Rxe6 Rxb2 46. Re7
b3 47. Rc8+ Ng8 48. Ree8 Rb1+ 49. Kh2 b2 50. Rxg8+ Kh7 51. Rb8 Rc1 52. Rgd8 1-0

[Event "36. Vila de Sitges"]
[Site "Sitges ESP"]
[Date "2010.07.24"]
[Round "3.10"]
[White "Getz, Nicolai"]
[Black "Cruz, Filemon"]
[Result "1-0"]
[WhiteElo "2239"]
[BlackElo "2456"]
[PlyCount "101"]
[EventDate "2010.07.22"]
[EventType "swiss"]
[EventRounds "9"]
[EventCountry "ESP"]
[Source "lmi"]
[SourceDate "2010.07.22"]

1. e4 e6 2. d4 d5 3. Nc3 Nf6 4. e5 Nfd7 5. f4 c5 6. Nf3 Nc6 7. Be3 a6 8. Qd2 b5
9. Be2 Qb6 10. a3 Be7 11. h4 O-O 12. h5 f6 13. f5 Ndxe5 14. fxe6 Nxf3+ 15. Bxf3
cxd4 16. Nxd5 dxe3 17. Qc3 Qc5 18. Qxc5 Bxc5 19. e7 Nxe7 20. Nxe7+ Bxe7 21.
Bxa8 f5 22. Bd5+ Kh8 23. Ke2 f4 24. Kf3 Bg5 25. Rad1 h6 26. Be4 Re8 27. Rd6 Kg8
28. Bc6 Re5 29. Rd5 Re6 30. Rxg5 Rxc6 31. Re5 Rc4 32. c3 Bb7+ 33. Ke2 Rc7 34.
Rf1 Rf7 35. g3 f3+ 36. Kxe3 Rf6 37. Re7 Bc6 38. Rd1 Kf8 39. Rc7 Re6+ 40. Kf2
Re2+ 41. Kf1 Rh2 42. Rd8+ Be8 43. Rcc8 Re2 44. Rxe8+ Rxe8 45. Rxe8+ Kxe8 46.
Kf2 Ke7 47. Kxf3 Kd6 48. Ke4 Kc5 49. Kf5 Kc4 50. Kg6 Kb3 51. Kxg7 1-0